00356nam a22001337a 4500008004100000020001500041050002900056100002300085245004100108250001200149300001600161650002200177700002300199181015b xxu||||| |||| 00| 0 eng d a9381714805 aRS 100.4 b.B35 2014 c.1 aBallington, Don A. aPharmacy PracticecDon A. Ballington a5th ed. axxix, 642p. aPharmacy practice aRobert J. Anderson